The ailing forests of India / (Record no. 92899)

MARC details
000 -LEADER
fixed length control field 00811nam a22002417a 4500
005 - DATE AND TIME OF LATEST TRANSACTION
control field 20150514144810.0
010 ## - LCCN (DPL NO)
LC control number ENG-112645
020 ## - INTERNATIONAL STANDARD BOOK NUMBER
Terms of availability 145.00
International Standard Book Number 9788123765686
020 ## - INTERNATIONAL STANDARD BOOK NUMBER
International Standard Book Number 8123765681
Terms of availability 145.00
035 ## - SYSTEM CONTROL NUMBER
System control number EN-96177
037 ## - SOURCE OF ACQUISITION
Source of stock number/acquisition DBAD/PUB
082 ## - DEWEY DECIMAL CLASSIFICATION NUMBER
Classification number 333.750954
100 ## - MAIN ENTRY--PERSONAL NAME
Personal name Karunakaran, C.K.
245 00 - TITLE STATEMENT
Title The ailing forests of India /
Statement of responsibility, etc by C.K. Karunakaran
260 ## - PUBLICATION, DISTRIBUTION, ETC. (IMPRINT)
Place of publication, distribution, etc New Delhi
Name of publisher, distributor, etc National Book Trust
Date of publication, distribution, etc 2012
270 ## - ADDRESS
Address Nehru Bhawan, 5 Institutional area, Phase-ll Vasant Kunj
City New Delhi
Postal code 110070
300 ## - PHYSICAL DESCRIPTION
Extent 328p.
Dimensions 22cm(pbk)
490 ## - SERIES STATEMENT
Series statement India--the land and the people
500 ## - GENERAL NOTE
General note Includes bibliographical references (p. [325]).
650 ## - SUBJECT ADDED ENTRY--TOPICAL TERM
Topical term or geographic name as entry element Forests and forestry
Geographic subdivision India
General subdivision History.
650 ## - SUBJECT ADDED ENTRY--TOPICAL TERM
Topical term or geographic name as entry element Forest policy
Geographic subdivision India.
942 ## - ADDED ENTRY ELEMENTS (KOHA)
Source of classification or shelving scheme Dewey Decimal Classification
Item type English Books
Call number suffix KAR
Classification part 333.750954
Holdings
Withdrawn status Lost status Not for loan Collection code Home library Current library Date acquired Source of acquisition Cost, normal purchase price Full call number Barcode Copy number Cost, replacement price Koha item type
    Not For Loan Non-fiction D.B.Act.Division D.B.Act.Division 13/04/2015 DBAD/PUB 145.00 333.750954 KAR EN-96177 1 145.00 English Books

© Delhi Public Library
Hit Counter
free hit counter